000 00695cam a22002297a 4500
001 002456
003 armpunfd
005 20140612090708.0
008 120207e0####xx#a##########000#0#und#d
040 _aarmpunfd
_carmpunfd
080 _a342.56 + 347.991 R 631
100 1 0 _a Rrogers, William D
245 1 0 _aLa corte suprema de justicia y la seguridad juridica
260 _a Uenos Aires : Depalma
_b1995. Isbn: 950-569-061-4. 225 P.
650 7 _a Corte Suprema
_2LEMB
650 7 _a Derecho Constitucional
_2LEMB
650 7 _a Jurisprudencia
_2LEMB
650 7 _a Seguridad Juridica
_2LEMB
700 1 0 _aWright Carozza, Paolo
942 _cLB
_2cdu
945 _aCatalis
_d2010-08-19
999 _c2446
_d232950